01126nam a2200193Ia 4500001001100000003001000011008004100021040002500062041001300087100001600100245003600116250001100152260009200163300001200255500026000267501011400527520026000641650003100901L922-42673IT-CnALBA170116s9999||||xx |||||||||||||| ||und|| aIT-CnALBAcIT-CnALBA aITALIANO aBEKKER TONY 0aUN ANNO TRA I ROSSI IN SPAGNA.  a1a ed. a MI BO NAbLA PRORA C. ED. DI LOCATELLI c1938 [1° Ed.:1938 - Ed.Ling.Originale: 1938] a238 p.  aPRESENTAZIONE. LA RIVOLTA, 1936. PASSAGGIO DELLA FRONTIERA. CAPO DELLA POLIZIA ASSASSINO. ROVINA DI BARCELLONA. TROSKISTA. CINISMO DEI ROSSI. MASSACRI E STRAGI. ECCIDI DI GERONA. CARCERI DELLA SPAGNA ROSSA. DICHIARAZIONE DI PRIETO. MARTIRIO DEI CURATI DI  aSocietà San Paolo EM - Piazza San Paolo, 14 - 12051 ALBA (CN) (non commercial uses only) ® Copyright 2017 aPRESENTAZIONE. LA RIVOLTA, 1936. PASSAGGIO DELLA FRONTIERA. CAPO DELLA POLIZIA ASSASSINO. ROVINA DI BARCELLONA. TROSKISTA. CINISMO DEI ROSSI. MASSACRI E STRAGI. ECCIDI DI GERONA. CARCERI DELLA SPAGNA ROSSA. DICHIARAZIONE DI PRIETO. MARTIRIO DEI CURATI DI  aBIOGRAFIE, UOMINI ILLUSTRI